000
00306nam a2200133Ia 4500
100
_a
Schildt/Herbert
942
_c
BK
654
_a
Turbo C++
245
_a
Turbo C++ for Windows : Inside out
260
_b
Obsorne/ McGraw - Hill
_a
New Delhi
_c
1992
300
_a
423
546
_a
ENGLISH
999
_c
20400
_d
20400